00742nam a22001577a 4500999001900000008004100019100003700060245005700097260002000154300002800174520023500202773002000437906001700457942000700474952010300481 c533541d533541260603b ||||| |||| 00| 0 eng d aSengupta, Kaustubh Mani 960945 aStepping back in time: Unknown Narratives of a city  aThe Book Review a49(6), Jun, 2025: p.8-9 aHarry Hobbs of Kolkata and other forgotten lives: Some unusual Caucasians of 19th centur5y Kolkata and their intriguing tales by Devasis Chattopadhyay, paper missile/Niyogi books, New Delhi, 2024, 275pp. Rs.495.00. – Reproduced  aThe Book Review aBOOK REVIEW  cAR 00102ddc40709408717aIIPAbIIPAd2026-06-03h49(6), Jun, 2025: p.8-9pAR139032r2026-06-03yAR